000 00681nam a2200253Ia 4500
003 OSt
005 20221005093849.0
006 a|||||r|||| 00| 0
007 ta
008 221004b |||||||| |||| 00| 0 eng d
020 _a0 631 09760 0
024 _a48189
037 _cTextual
040 _aCRL
_cCRL
_beng
041 _2eng
_aeng
082 _aO111:gN(Y), L1
100 _aBradbury Malcolm
245 0 _aSocial context of modern English literature
260 _aOxford
_bBasil Blackwell UK
_c1971
300 _a277p.
_ccm.
650 _aENGLISH LITERATURE
942 _hO111:gN(Y), L1
_cTEXL
_2cc
999 _c1001023
_d1001023